<?xml version="1.0" encoding="UTF-8"?>
<record
    xmlns:xsi="http://www.w3.org/2001/XMLSchema-instance"
    xsi:schemaLocation="http://www.loc.gov/MARC21/slim http://www.loc.gov/standards/marcxml/schema/MARC21slim.xsd"
    xmlns="http://www.loc.gov/MARC21/slim">

  <leader>01490nam a22002537a 4500</leader>
  <controlfield tag="003">NALT</controlfield>
  <controlfield tag="005">20220527141844.0</controlfield>
  <controlfield tag="008">220527b        th ||||| |||| 00| 0 tha d</controlfield>
  <datafield tag="020" ind1=" " ind2=" ">
    <subfield code="a">9743238581</subfield>
  </datafield>
  <datafield tag="040" ind1=" " ind2=" ">
    <subfield code="a">NALT</subfield>
  </datafield>
  <datafield tag="050" ind1=" " ind2=" ">
    <subfield code="a">JQ 1745.A5</subfield>
    <subfield code="b">&#xE2D;893&#xE17; 2549</subfield>
  </datafield>
  <datafield tag="100" ind1="0" ind2=" ">
    <subfield code="a">&#xE40;&#xE2D;&#xE19;&#xE01; &#xE40;&#xE2B;&#xE25;&#xE48;&#xE32;&#xE18;&#xE23;&#xE23;&#xE21;&#xE17;&#xE31;&#xE28;&#xE19;&#xE4C;</subfield>
  </datafield>
  <datafield tag="245" ind1="1" ind2="0">
    <subfield code="a">&#xE17;&#xE31;&#xE01;&#xE29;&#xE34;&#xE13;&#xE32;-&#xE1B;&#xE23;&#xE30;&#xE0A;&#xE32;&#xE19;&#xE34;&#xE22;&#xE21; /</subfield>
    <subfield code="c">&#xE40;&#xE2D;&#xE19;&#xE01; &#xE40;&#xE2B;&#xE25;&#xE48;&#xE32;&#xE18;&#xE23;&#xE23;&#xE21;&#xE17;&#xE31;&#xE28;&#xE19;&#xE4C;.</subfield>
  </datafield>
  <datafield tag="260" ind1=" " ind2=" ">
    <subfield code="a">&#xE01;&#xE23;&#xE38;&#xE07;&#xE40;&#xE17;&#xE1E;&#xE2F; :</subfield>
    <subfield code="b">&#xE21;&#xE15;&#xE34;&#xE0A;&#xE19;, </subfield>
    <subfield code="c">2549.</subfield>
  </datafield>
  <datafield tag="300" ind1=" " ind2=" ">
    <subfield code="a">232 &#xE2B;&#xE19;&#xE49;&#xE32; ;</subfield>
    <subfield code="c">21 &#xE0B;&#xE21;.</subfield>
  </datafield>
  <datafield tag="505" ind1=" " ind2=" ">
    <subfield code="a">&#xE04;&#xE27;&#xE32;&#xE21;&#xE2B;&#xE21;&#xE32;&#xE22;&#xE02;&#xE2D;&#xE07;&#xE1B;&#xE23;&#xE30;&#xE0A;&#xE32;&#xE19;&#xE34;&#xE22;&#xE21; -- &#xE1B;&#xE23;&#xE30;&#xE0A;&#xE32;&#xE0A;&#xE19; &#xE1B;&#xE23;&#xE30;&#xE0A;&#xE32;&#xE19;&#xE34;&#xE22;&#xE21; &#xE41;&#xE25;&#xE30;&#xE1B;&#xE23;&#xE30;&#xE0A;&#xE32;&#xE18;&#xE34;&#xE1B;&#xE44;&#xE15;&#xE22;&#xE43;&#xE19;&#xE44;&#xE17;&#xE22; -- &#xE17;&#xE31;&#xE01;&#xE29;&#xE34;&#xE13;&#xE40;&#xE1B;&#xE47;&#xE19;&#xE1B;&#xE23;&#xE30;&#xE0A;&#xE32;&#xE19;&#xE34;&#xE22;&#xE21;&#xE2D;&#xE22;&#xE48;&#xE32;&#xE07;&#xE44;&#xE23; -- &#xE01;&#xE33;&#xE40;&#xE19;&#xE34;&#xE14;&#xE41;&#xE25;&#xE30;&#xE1B;&#xE23;&#xE34;&#xE1A;&#xE17;&#xE02;&#xE2D;&#xE07;&#xE1B;&#xE23;&#xE30;&#xE0A;&#xE32;&#xE19;&#xE34;&#xE22;&#xE21; -- &#xE1C;&#xE25;&#xE02;&#xE2D;&#xE07;&#xE1B;&#xE23;&#xE30;&#xE0A;&#xE32;&#xE19;&#xE34;&#xE22;&#xE21;&#xE43;&#xE19;&#xE1B;&#xE23;&#xE30;&#xE40;&#xE17;&#xE28;&#xE44;&#xE17;&#xE22; -- &#xE08;&#xE30;&#xE2D;&#xE2D;&#xE01;&#xE08;&#xE32;&#xE01;&#xE1B;&#xE23;&#xE30;&#xE0A;&#xE32;&#xE19;&#xE34;&#xE22;&#xE21;&#xE44;&#xE14;&#xE49;&#xE2D;&#xE22;&#xE48;&#xE32;&#xE07;&#xE44;&#xE23;</subfield>
  </datafield>
  <datafield tag="600" ind1="0" ind2="4">
    <subfield code="9">30940</subfield>
    <subfield code="a">&#xE17;&#xE31;&#xE01;&#xE29;&#xE34;&#xE13; &#xE0A;&#xE34;&#xE19;&#xE27;&#xE31;&#xE15;&#xE23;</subfield>
  </datafield>
  <datafield tag="650" ind1=" " ind2="4">
    <subfield code="a">&#xE1B;&#xE23;&#xE30;&#xE0A;&#xE32;&#xE19;&#xE34;&#xE22;&#xE21;</subfield>
    <subfield code="9">28180</subfield>
  </datafield>
  <datafield tag="650" ind1=" " ind2="4">
    <subfield code="a">&#xE1B;&#xE23;&#xE30;&#xE0A;&#xE32;&#xE18;&#xE34;&#xE1B;&#xE44;&#xE15;&#xE22; </subfield>
    <subfield code="9">6865</subfield>
    <subfield code="z">&#xE44;&#xE17;&#xE22;</subfield>
  </datafield>
  <datafield tag="651" ind1=" " ind2="4">
    <subfield code="9">76</subfield>
    <subfield code="a">&#xE44;&#xE17;&#xE22;</subfield>
    <subfield code="x">&#xE01;&#xE32;&#xE23;&#xE40;&#xE21;&#xE37;&#xE2D;&#xE07;&#xE41;&#xE25;&#xE30;&#xE01;&#xE32;&#xE23;&#xE1B;&#xE01;&#xE04;&#xE23;&#xE2D;&#xE07;</subfield>
  </datafield>
  <datafield tag="850" ind1=" " ind2=" ">
    <subfield code="a">NALT</subfield>
  </datafield>
  <datafield tag="942" ind1=" " ind2=" ">
    <subfield code="c">GB</subfield>
    <subfield code="2">lcc</subfield>
  </datafield>
  <datafield tag="998" ind1=" " ind2=" ">
    <subfield code="a">kornsiririn</subfield>
    <subfield code="j">7560</subfield>
    <subfield code="k"> &#xE01;&#xE23;&#xE28;&#xE34;&#xE23;&#xE34;&#xE23;&#xE34;&#xE19;&#xE17;&#xE23;&#xE4C;  &#xE23;&#xE31;&#xE15;&#xE19;&#xE2A;&#xE38;&#xE20;&#xE32;</subfield>
  </datafield>
  <datafield tag="999" ind1=" " ind2=" ">
    <subfield code="c">100159</subfield>
    <subfield code="d">100159</subfield>
  </datafield>
  <datafield tag="952" ind1=" " ind2=" ">
    <subfield code="0">0</subfield>
    <subfield code="1">0</subfield>
    <subfield code="2">lcc</subfield>
    <subfield code="4">0</subfield>
    <subfield code="7">0</subfield>
    <subfield code="8">CSEN</subfield>
    <subfield code="a">NALT</subfield>
    <subfield code="b">NALT</subfield>
    <subfield code="c">GEN</subfield>
    <subfield code="d">2022-05-27</subfield>
    <subfield code="o">JQ 1745.A5 &#xE2D;893&#xE17; 2549</subfield>
    <subfield code="p">0100008040001</subfield>
    <subfield code="r">2022-09-28 00:00:00</subfield>
    <subfield code="w">2022-05-27</subfield>
    <subfield code="y">GB</subfield>
  </datafield>
</record>
